000 00345nam a2200121Ia 4500
005 20260328104254.0
008 260328s9999||||xx |||||||||||||| ||und||
100 _aMcNamara, Denis R.
245 0 _aHow to Read Churches :
_bA crash course in ecclesiastical Architecture /
_cDenis R. McNamara
260 _bRizzoli
300 _a256 p.
942 _cBK
999 _c10362
_d10362